Advances in photochemistry. Vol. 28

שמור ב:
מידע ביבליוגרפי
מחבר ראשי:  Neckers, Douglas C
פורמט: Sách
שפה:Undetermined
יצא לאור:  Jonh Wiley & Son, INC  2005
נושאים:
תגים: הוספת תג
אין תגיות, היה/י הראשונ/ה לתייג את הרשומה!
Thư viện lưu trữ: Trung tâm Thư viện - Trường Đại học Công nghiệp TP. Hồ Chí Minh
LEADER 00490nam a2200157Ia 4500
001 UIH_04558
008 231011s9999 xx 000 0 und d
082 |a  541.35 
100 |a  Neckers, Douglas C 
245 0 |a  Advances in photochemistry. Vol. 28 
245 0 |c  Neckers, Douglas C 
260 |b  Jonh Wiley & Son, INC 
260 |c  2005 
650 |a  Quang hóa học;  
927 |a Sách 
980 |a Trung tâm Thư viện - Trường Đại học Công nghiệp TP. Hồ Chí Minh